American histories : stories / John Edgar Wideman.
Available copies
- 1 of 1 copy available at LARL/NWRL Consortium.
- 1 of 1 copy available at Lake Agassiz Regional Library. (Show preferred library)
Current holds
1 current hold with 1 total copy.
View other formats and editions
Show Only Available Copies
| Location | Call Number / Copy Notes | Barcode | Shelving Location | Status | Due Date |
|---|---|---|---|---|---|
| Breckenridge Public Library | WID (Text) | 33500012661328 | Main | Available | - |
Record details
- ISBN: 9781501178344
- ISBN: 1501178342
- Physical Description: ix, 227 pages ; 23 cm
- Edition: First Scribner hardcover edition.
- Publisher: New York : Scribner, 2018.
Content descriptions
| Formatted Contents Note: | JB & FD -- Dark matter -- Shape the world is in -- ... Read More |
| Summary, etc.: | In this singular collection, John Edgar Wideman, ... Read More |
Search for related items by subject
| Subject: | Families > Fiction. Loss (Psychology) > Fiction. AFRICAN AMERICAN. |
| Genre: | Short stories. Short stories. Historical fiction. |
| LDR | 03752cam a2200529Ii 4500 | ||
|---|---|---|---|
| 001 | 269680 | ||
| 003 | LARL_NWRL_CONSORTIUM | ||
| 005 | 20180322181057.0 | ||
| 008 | 170610s2018 nyu 000 1 eng d | ||
| 040 | . | ‡aBTCTA ‡beng ‡cBTCTA ‡dYDX ‡dBDX ‡dSXP ‡dIEP ‡dIWE ‡dOCLCO ‡dFMF | |
| 020 | . | ‡a9781501178344 | |
| 020 | . | ‡a1501178342 | |
| 035 | . | ‡a(OCoLC)989963913 | |
| 082 | 0 | 4. | ‡a813/.54 ‡223 |
| 100 | 1 | . | ‡aWideman, John Edgar, ‡eauthor. ‡0(LARL_NWRL_CONSORTIUM)74719 |
| 240 | 1 | 0. | ‡aShort stories. ‡kSelections |
| 245 | 1 | 0. | ‡aAmerican histories : ‡bstories / ‡cJohn Edgar Wideman. |
| 250 | . | ‡aFirst Scribner hardcover edition. | |
| 264 | 1. | ‡aNew York : ‡bScribner, ‡c2018. | |
| 300 | . | ‡aix, 227 pages ; ‡c23 cm | |
| 336 | . | ‡atext ‡2rdacontent | |
| 337 | . | ‡aunmediated ‡2rdamedia | |
| 338 | . | ‡avolume ‡2rdacarrier | |
| 520 | . | ‡aIn this singular collection, John Edgar Wideman, the acclaimed author of Writing to Save a Life, blends the personal, historical, and political to invent complex, charged stories about love, death, struggle, and what we owe each other. With characters ranging from everyday Americans to Jean-Michel Basquiat to Nat Turner, American Histories is a journey through time, experience, and the soul of our country. “JB & FD” reimagines conversations between John Brown, the antislavery crusader who famously raided Harper’s Ferry, Virginia, and Frederick Douglass, the abolitionist and orator, conversations that belie the myth of race and produce a fantastical, ethically rich correspondence that spans years and ideologies. “Maps and Ledgers” eavesdrops on a brother and sister today as they ponder their father’s killing of another man. “Williamsburg Bridge” sits inside a man sitting on a bridge who contemplates his life before he decides to jump. “My Dead” is a story about how the already-departed demand more time, more space in the lives of those who survive them. Navigating an extraordinary range of subject and tone, Wideman challenges the boundaries of traditional forms, and delivers unforgettable, immersive narratives that touch the very core of what it means to be alive. An extended meditation on family, history, and loss, American Histories weaves together historical fact, philosophical wisdom, and deeply personal vignettes. More than the sum of its parts, this is Wideman at his best—emotionally precise and intellectually stimulating—an extraordinary collection by a master. | |
| 505 | 0 | . | ‡aJB & FD -- Dark matter -- Shape the world is in -- My dead -- Music -- Bonds -- New start -- Maps and ledgers -- Writing teacher -- Williamsburg Bridge -- Examination -- Wail -- Lines -- Nat Turner confesses -- Empire -- Yellow sea -- Bunny and Glide -- Snow -- Ghost dancer -- Collage -- Expectations. |
| 650 | 0. | ‡aFamilies ‡vFiction. ‡0(LARL_NWRL_CONSORTIUM)164942 | |
| 650 | 0. | ‡aLoss (Psychology) ‡vFiction. ‡0(LARL_NWRL_CONSORTIUM)165927 | |
| 650 | 4. | ‡aAFRICAN AMERICAN. | |
| 655 | 7. | ‡aShort stories. ‡2gsafd | |
| 655 | 7. | ‡aShort stories. ‡2lcgft | |
| 655 | 7. | ‡aHistorical fiction. ‡2lcgft | |
| 700 | 1 | 2. | ‡aWideman, John Edgar. ‡tJB & FD. |
| 700 | 1 | 2. | ‡aWideman, John Edgar. ‡tDark matter. |
| 700 | 1 | 2. | ‡aWideman, John Edgar. ‡tShape the world is in. |
| 700 | 1 | 2. | ‡aWideman, John Edgar. ‡tMy dead. |
| 700 | 1 | 2. | ‡aWideman, John Edgar. ‡tMusic. |
| 700 | 1 | 2. | ‡aWideman, John Edgar. ‡tBonds. |
| 700 | 1 | 2. | ‡aWideman, John Edgar. ‡tNew start. |
| 700 | 1 | 2. | ‡aWideman, John Edgar. ‡tMaps and ledgers. |
| 700 | 1 | 2. | ‡aWideman, John Edgar. ‡tWriting teacher. |
| 700 | 1 | 2. | ‡aWideman, John Edgar. ‡tWilliamsburg Bridge. |
| 901 | . | ‡a269680 ‡bOCoLC ‡c269680 ‡tbiblio ‡soclc | |

Add to basket
Permalink
Disable Highlighting